000 00408nam a2200157Ia 4500
003 OSt
005 20230529143700.0
008 211028s2015 xx 000 0 und d
040 _cAIMIT LIBRARY
041 _aeng
100 _aNaik, Raghavendra; Prabhu, S Aravind.
_98584
_e131915
110 _aAravind Prabhu S
_98585
245 _aPerformance appraisal.
260 _aMangalore
_c2015
942 _2ddc
_cPRO
999 _c219961
_d219961